000 00788nmc a2200301 a 4500
003 AR-BaBNM
005 20251128211506.0
008 304020n ||||||||||||||000 | spa||
020 _a950-701-091-2
040 _cAR-BaBNM
100 1 _aForero, María Teresa
245 1 0 _aPáginas con Patagonia
_bantología
250 _a2ª ed.
260 _aBuenos Aires
_c1996
_bAique
300 _a26 p.
_bil.
490 0 _aPáginas con...
500 _aContiene ejercicios para después de la lectura
650 4 _aLEYENDAS
650 4 _aANTOLOGIAS
650 4 _aCUENTOS FOLKLORICOS
650 4 _aPOESIAS
650 4 _aLIBROS PARA NINOS
653 _aLITERATURA JUVENIL
655 _aLITERATURA
700 1 _aLagnazzi, Claudia
_eilustrador
942 _cBK
998 _cEugenia
999 _c19886
_d19886